000 01018nam a22003137a 4500
003 CHAP
005 20220817042026.0
008 971013s1980 r 00010 d
010 _a32207
011 _a33179
035 _a37294
040 _cCHAP
090 _aTesis
100 0 0 _aLópez López, Sergio Humberto.
_968059
245 _aAnálisis de costos de establecimiento de praderas bajo riego
260 _aMonterrey, N.L. :
_bEl autor,
_c1980
300 _a50 h.
502 _aTesis (Ing. Agr. Zootecnista) -- Univ. Autónoma de Nuevo León. Fac. de Agronomía
590 _aALEPH
_b10
_c20130110
_lUCH01
_h1255
590 _aBATCH-UPD
_b10
_c20130110
_lUCH01
_h1929
590 _aBATCH-UPD
_b10
_c20130410
_lUCH01
_h1254
590 _aBATCH-UPD
_b10
_c20130914
_lUCH01
_h1902
590 _aCONVERSION
_b10
_c20130109
_lUCH01
_h1318
650 1 4 _aAgricultura
_xAspectos económicos.
650 1 4 _aPastizales
_xIrrigación.
_985941
901 _aBK
942 _cTESIS
949 _bBC
_cTES
_d-85424
_eTS1
_i37294
_si
999 _c32207
_d32207